KOHA-Header-6

Winning at New Products accelerating the process from idea to launch (Record no. 8516)

000 -LEADER
fixed length control field 00304nam a2200121Ia 4500
020 ## - INTERNATIONAL STANDARD BOOK NUMBER
ISBN 9780201563818
082 ## - DEWEY DECIMAL CLASSIFICATION NUMBER
Classification number 658.57
100 ## - MAIN ENTRY--AUTHOR NAME
Personal name Robert G.Cooper
245 #0 - TITLE STATEMENT
Title Winning at New Products accelerating the process from idea to launch
260 ## - PUBLICATION, DISTRIBUTION, ETC. (IMPRINT)
Place of publication London
Name of publisher Addison
Year of publication 1994
300 ## - PHYSICAL DESCRIPTION
Number of Pages 330
942 ## - ADDED ENTRY ELEMENTS (KOHA)
Koha item type Books
Holdings
Withdrawn status Lost status Collection code Permanent Location Current Location Shelving location Date acquired Full call number Accession Number Koha item type
    Marketing MAJU MAJU   2019-09-14 005.2 3273 Marketing

Powered by Koha